US Presidents' Previous Political Offices - Statistics

General Stats
  • This quiz has been taken 57 times
  • The average score is 25 of 64
Answer Stats
Hint Answer % Correct
US Senator from Illinois Barack Obama
80%
Governor of Arkansas Bill Clinton
78%
Vice President of the US in the 1800s Thomas Jefferson, Martin Van Buren, John Tyler, Andrew Johnson and Chester A. Arthur
74%
Governor of Texas George W. Bush
70%
Governor of Georgia Jimmy Carter
68%
Vice President of the US in the 1900s Theodore Roosevelt, Calvin Coolidge, Harry S Truman, Lyndon B. Johnson, Richard M. Nixon, Gerald Ford and George H.W. Bush
68%
US Senator from Texas Lyndon B. Johnson
64%
Supreme Allied Commander Dwight D. Eisenhower
62%
Director of the CIA George H.W. Bush
62%
US Representative from Michigan Gerald Ford
62%
Vice President of the US in the 1700s John Adams and Thomas Jefferson
62%
Governor of California Ronald Reagan
62%
Author of the Declaration of Independence Thomas Jefferson
60%
US Senator from Tennessee Andrew Jackson and Andrew Johnson
58%
Commander in Chief of the Continental Army George Washington
56%
President of the Constitutional Convention George Washington
54%
US Senator from Massachusetts John Quincy Adams and John F. Kennedy
54%
US Representative from Texas Lyndon B. Johnson and George H.W. Bush
54%
Governor of New York Martin Van Buren, Grover Cleveland, Theodore Roosevelt, and Franklin Roosevelt
54%
US Senator from California Richard M. Nixon
54%
Amdassador to France Thomas Jefferson and James Monroe
54%
Comanding General of the US Army Ulysses S. Grant
54%
US Representative from Illinois Abraham Lincoln
48%
US Representative from Tennessee Andrew Jackson, James K. Polk and Andrew Johnson
46%
US Senator from Virginia James Monroe and John Tyler
46%
US Senator from Missouri Harry S Truman
44%
Major General during Mexican-American War Zachary Taylor
44%
Delegate to the First Continental Congress George Washington and John Adams
42%
Illinois State Senator Barack Obama
40%
Georgia State Senator Jimmy Carter
40%
Delegate to the Congress of the Confederation Thomas Jefferson, James Madison and James Monroe
38%
US Representative from Massachusetts John F. Kennedy
36%
US Representative from California Richard M. Nixon
36%
Governor of Ohio Rutherford B. Hayes and William McKinley
36%
Assistant Secretary of the Navy Theodore Roosevelt and Franklin D. Roosevelt
36%
Governor of Virginia Thomas Jefferson, James Monroe & John Tyler
34%
US Representative from Ohio William Henry Harrison, Rutherford B. Hayes, James Garfield and William McKinley
34%
US Representative from Virginia James Madison and John Tyler
32%
US Secretary of State Thomas Jefferson, James Madison, James Monroe, John Quincy Adams, Martin Van Buren and James Buchanan
32%
US Representative from New Hampshire Franklin Pierce
30%
US Senator from Ohio William Henry Harrison and Warren G. Harding
30%
Governor of New Jersey Woodrow Wilson
30%
Governor of Tennessee James K. Polk and Andrew Johnson
28%
US Senator from New York Martin Van Buren
24%
Governor-General of the Philippines William H. Taft
24%
US Senator from New Hampshire Franklin Pierce
22%
Director of the US Food Administration Herbert Hoover
22%
Governor of Massachusetts Calvin Coolidge
20%
US House Minority Leader Gerald Ford
20%
US Senator from Pennsylvania James Buchanan
20%
US Secretary of War James Monroe and William H. Taft
20%
Ambassador to the UK John Adams, James Monroe, John Quincy Adams, Martin Van Buren and James Buchanan
20%
US Secretary of Commerce Herbert Hoover
18%
Ambassador to Russia John Quincy Adams and James Buchanan
18%
Governor of Indiana Territory William Henry Harrison
18%
US Senator from Indiana Benjamin Harrison
16%
Mayor of Buffalo Grover Cleveland
16%
US Representative from New York Millard Fillmore
16%
Ambassador to the Netherlands John Adams and John Quincy Adams
14%
Governor of Cuba William H. Taft
14%
Speaker of the US House of Representatives James K. Polk
12%
Collector of the Port of New York Chester A. Arthur
10%
Ambassador to Colombia William Henry Harrision
6%
President Pro Tempore of the US Senate John Tyler
2%
No matching quizzes found
Score Distribution
Percent of People with Each Score
Percentile by Number Answered
Your Score History
You have not taken this quiz